Ortschaften des Kantons Basel-Landschaft - Statistiken

Allgemein
  • Dieses Quiz wurde 123 mal gespielt
  • Das Durchschnittsergebnis liegt bei 44 aus 87
Antworten auf der Karte
Die Antworten werden auf der Karte rot bzw. grün angezeigt, abhängig davon wie oft sie richtig erraten wurden.
 
Antwortstatistiken
Einwohner Ortschaft % Korrekt
15’835 Liestal
97%
17’870 Muttenz
97%
16’590 Pratteln
95%
22’110 Allschwil
89%
15’676 Binningen
84%
5’979 Laufen
84%
6’867 Sissach
82%
12’305 Münchenstein
79%
6’281 Gelterkinden
76%
20’299 Reinach
76%
10’759 Aesch
74%
11’498 Oberwil
74%
10’032 Therwil
74%
9’385 Arlesheim
71%
1’090 Augst
68%
10’680 Birsfelden
68%
6’609 Frenkendorf
66%
1’090 Waldenburg
66%
6’954 Bottmingen
63%
2’540 Oberdorf
63%
5’618 Ettingen
58%
4’700 Füllinsdorf
58%
2’828 Zwingen
58%
2’652 Hölstein
55%
1’456 Schönenbuch
55%
1’625 Diegten
53%
564 Eptingen
53%
382 Liesberg
53%
718 Liesberg Dorf
53%
1’601 Reigoldswil
53%
3’552 Biel-Benken
50%
4’508 Bubendorf
50%
1’100 Buus
50%
1’611 Duggingen
50%
1’954 Grellingen
50%
1’020 Langenbruck
50%
283 Burg im Leimental
47%
1’413 Läufelfingen
47%
5’828 Lausen
47%
1’821 Niederdorf
47%
2’368 Pfeffingen
47%
537 Anwil
45%
1’672 Arisdorf
45%
685 Blauen
45%
840 Böckten
45%
740 Bretzwil
45%
1’509 Lupsingen
45%
808 Tecknau
45%
433 Titterten
45%
705 Buckten
42%
737 Dittingen
42%
1’119 Giebenach
42%
572 Lampenberg
42%
314 Lauwil
42%
279 Nusshof
42%
734 Ramlinsburg
42%
1’316 Seltisberg
42%
2’757 Zunzgen
42%
665 Bennwil
39%
1’716 Brislach
39%
941 Maisprach
39%
519 Oltingen
39%
2’363 Ormalingen
39%
582 Rickenbach
39%
261 Roggenburg
39%
608 Wintersingen
39%
1’668 Ziefen
39%
391 Hersberg
37%
2’433 Itingen
37%
177 Kilchberg
37%
467 Nenzlingen
37%
1’894 Röschenz
37%
936 Tenniken
37%
1’453 Thürnen
37%
1’587 Wahlen
37%
229 Häfelfingen
34%
545 Känerkinden
34%
458 Rümlingen
34%
783 Rünenberg
34%
521 Zeglingen
34%
583 Arboldswil
32%
271 Hemmiken
32%
156 Liedertswil
32%
814 Rothenfluh
32%
718 Wenslingen
32%
442 Wittinsburg
32%
794 Diepflingen
29%
Keine übereinstimmenden Quizze gefunden
Verteilung der Resultate
Anzahl Personen mit jedem Resultat
Perzentil nach korrekt beantworteten Fragen
Ihre Resultats-Entwicklung
Sie haben dieses Quiz noch nicht gespielt